[Event "Viljandi Raud Memorial 57th"]
[Site "Viljandi"]
[Date "2023.07.03"]
[Round "3"]
[White "Tiisler, Tanel"]
[Black "Jogi, Henry"]
[Result "0-1"]
[WhiteElo "1687"]
[BlackElo "1275"]
[PlyCount "52"]
[EventDate "2023.07.02"]
[EventType "swiss"]
[EventRounds "9"]
[EventCountry "EST"]
[SourceTitle "CBM 215 Extra"]
[Source "ChessBase"]
[SourceDate "2023.09.30"]
[SourceVersion "1"]
[SourceVersionDate "2023.09.30"]
[SourceQuality "1"]

1. e4 c6 2. Nf3 d5 3. exd5 cxd5 4. d4 Nc6 5. c4 Nf6 6. Nc3 g6 7. Bf4 Bg7 8. Qb3 dxc4 9. Bxc4 0-0 10. Ne5 Qxd4 11. Ne2 Qb6 12. Bxf7+ Kh8 13. Qxb6 axb6 14. Bb3 Na5 15. 0-0 Nxb3 16. axb3 Rxa1 17. Rxa1 Nh5 18. Nd3 Bf5 19. Ne1 Bg4 20. f3 Nxf4 21. Nxf4 Bd4+ 22. Kh1 Rxf4 23. Ra4 Bd7 24. Ra8+ Kg7 25. Rd8 Bc6 26. g3 Rxf3 0-1